<?xml version="1.0" encoding="UTF-8"?>
<record
    xmlns:xsi="http://www.w3.org/2001/XMLSchema-instance"
    xsi:schemaLocation="http://www.loc.gov/MARC21/slim http://www.loc.gov/standards/marcxml/schema/MARC21slim.xsd"
    xmlns="http://www.loc.gov/MARC21/slim">

  <leader>01855nam a22002177a 4500</leader>
  <controlfield tag="008">250625b        |||||||| |||| 00| 0 eng d</controlfield>
  <datafield tag="020" ind1=" " ind2=" ">
    <subfield code="a">9781534948709</subfield>
  </datafield>
  <datafield tag="040" ind1=" " ind2=" ">
    <subfield code="c">tbs</subfield>
  </datafield>
  <datafield tag="041" ind1=" " ind2=" ">
    <subfield code="a">eng</subfield>
    <subfield code="a">spa</subfield>
  </datafield>
  <datafield tag="100" ind1=" " ind2=" ">
    <subfield code="a">Smith-Dur&#xE1;n, Gordon</subfield>
    <subfield code="9">25586</subfield>
    <subfield code="e">author</subfield>
  </datafield>
  <datafield tag="245" ind1=" " ind2=" ">
    <subfield code="a">Perfecting the past in Spanish</subfield>
    <subfield code="b">: a workbook with the learner in mind</subfield>
    <subfield code="c">/ Gordon Smith-Dur&#xE1;n.</subfield>
  </datafield>
  <datafield tag="260" ind1=" " ind2=" ">
    <subfield code="a">Guadalajara, Spain :</subfield>
    <subfield code="b">LightSpeed Spanish, </subfield>
    <subfield code="c">2016.</subfield>
  </datafield>
  <datafield tag="300" ind1=" " ind2=" ">
    <subfield code="a">209 pages : </subfield>
    <subfield code="b">illustrations ; </subfield>
    <subfield code="c">28 cm.</subfield>
  </datafield>
  <datafield tag="520" ind1=" " ind2=" ">
    <subfield code="a">Dear student: Thank you for taking an interest in this book. We are sure that you will be very glad you did, why? Simply because once you have worked through the straightforward systems, the easy explanations and the practical exercises found here, you will be able to do the following with confidence: Use Ser and Estar accurately; Choose intelligently between the Preterite and Imperfect Past; Know how to say WAS and WERE correctly in Spanish; Understand and utilise the Perfect Past tenses....and so much more. Talking in the Past is a challenge you can overcome! This book has been designed and written for every passionate student of the Spanish language who currently struggles to talk in the past. We have created some simple-to-follow systems that clear up the mystery of when and how to choose each tense correctly. Just work through the book in the order that we have presented it to you and we promise you that the mists will clear and any confusion you may have had in the past, about the past, will disappear forever.</subfield>
  </datafield>
  <datafield tag="650" ind1=" " ind2="0">
    <subfield code="a">Spanish language</subfield>
    <subfield code="x">Verb</subfield>
    <subfield code="v">Problems, exercises, etc.</subfield>
    <subfield code="9">25587</subfield>
  </datafield>
  <datafield tag="650" ind1=" " ind2="0">
    <subfield code="a">Spanish language</subfield>
    <subfield code="x">Tense</subfield>
    <subfield code="v">Problems, exercises, etc.</subfield>
    <subfield code="9">25588</subfield>
  </datafield>
  <datafield tag="650" ind1=" " ind2="0">
    <subfield code="a">Spanish language </subfield>
    <subfield code="x">Textbooks for foreign speakers </subfield>
    <subfield code="x">English</subfield>
    <subfield code="9">13590</subfield>
  </datafield>
  <datafield tag="655" ind1=" " ind2="0">
    <subfield code="a">Self-instruction</subfield>
    <subfield code="9">24883</subfield>
  </datafield>
  <datafield tag="700" ind1=" " ind2=" ">
    <subfield code="a">Smith-Dur&#xE1;n, Cynthia</subfield>
    <subfield code="9">25589</subfield>
    <subfield code="e">author</subfield>
  </datafield>
  <datafield tag="942" ind1=" " ind2=" ">
    <subfield code="2">lcc</subfield>
  </datafield>
  <datafield tag="952" ind1=" " ind2=" ">
    <subfield code="0">0</subfield>
    <subfield code="1">0</subfield>
    <subfield code="2">lcc</subfield>
    <subfield code="4">0</subfield>
    <subfield code="7">0</subfield>
    <subfield code="a">TBS</subfield>
    <subfield code="b">TBS</subfield>
    <subfield code="d">2025-06-25</subfield>
    <subfield code="l">0</subfield>
    <subfield code="o">P-SP LEARN SMI</subfield>
    <subfield code="p">B05830</subfield>
    <subfield code="r">2025-06-25</subfield>
    <subfield code="t">1</subfield>
    <subfield code="w">2025-06-25</subfield>
    <subfield code="y">SPANISH</subfield>
  </datafield>
  <datafield tag="999" ind1=" " ind2=" ">
    <subfield code="c">4799</subfield>
    <subfield code="d">4799</subfield>
  </datafield>
</record>
